Five-Letter Chain Quiz: hard - Statistics

General Stats
  • This quiz has been taken 13 times
  • The average score is 12 of 30
Answer Stats
Hint Answer % Correct
French for 'red' Rouge
92%
Country of scarab beetles Egypt
83%
Hearing, smelling, and tasting Sense
83%
Antonym of loose Tight
83%
a plural for islands Isles
75%
A nation with a triangular flag Nepal
75%
City in Nigeria Lagos
67%
One of the five senses Smell
67%
Period of time Epoch
58%
Needed for doors and helpful for dating Hinge
58%
Something difficult is Tough
58%
Something just Right
50%
To encourage anger or voilence Incite
42%
to colour slighlty Tinge
42%
Excitedly anticipate Eager
33%
Artisanal utensil Easel
33%
To give joy Elate
33%
A metric unit Litre
33%
A Chinese zodiac Snake
33%
The verb of being hit by a certain kind of animal produce Egged
25%
multiple units of a common currency Euros
17%
fast, swift Haste
17%
An infection Ecoli
8%
A form of light Laser
8%
This flower has been in space Daisy
0%
cards are Dealt
0%
landlords... Evict
0%
Something cheap is Tacky
0%
A ticket Token
0%
ROI Yield
0%
No matching quizzes found
Score Distribution
Percent of People with Each Score
Percentile by Number Answered
Your Score History
You have not taken this quiz